| 000 | 00820nam a2200217 u 4500 | ||
|---|---|---|---|
| 001 | 000756724 | ||
| 003 | AM-YeHGA | ||
| 005 | 20250617143708.0 | ||
| 008 | 100825s1970 ||| r 000 0 rus d | ||
| 040 | _aAM-YeHGA | ||
| 041 | 0 | _arus | |
| 100 | 1 | _aЛебединская, Лидия Борисовна | |
| 245 | 1 | 0 |
_aПоследний месяц года : _bПовесть о декабристах / _cЛ. Лебединская; Худ. Ю. Иванов. |
| 260 |
_aМосква : _bМол. гвардия, _c1970. |
||
| 300 |
_a175 с. : _bил. |
||
| 440 | 0 |
_aПионер - значит первый _vВып. 19 |
|
| 650 | 1 | 4 |
_aРусская литература _xПовесть |
| 653 | 0 | _aДекабристы - Биографии | |
| 700 | 1 |
_aИванов, Юрий _eилл. _4art |
|
| 090 | _c281627 | ||
| 999 |
_c279974 _d279974 |
||